000 00557nam a2200205Ia 4500
003 GCL
008 140319s9999 xx 000 0 eng d
040 _aGCL /
_cGCL
082 0 4 _a792.8
_bF M
100 1 _aFAY, MARIA
245 1 0 _aMIND OVER BODY: THE DEVELOPMENT OF THE DANCER - THE ROLE OF THE TEACHER /
_cFAY, MARIA
700 1 _aHEDGES, CHARLES
260 _a[S.N] :
_bA AND C BLACK LIMITED ،
_c1997
300 _a199 P
650 0 4 _aDANCING
650 0 4 _aDANCERS
650 0 4 _aDANCE - TEACHING
650 0 4 _aBALLET DANCING
942 _2ddc
_cBK
999 _c16299
_d16299